00422nam a2200133Ia 4500001000400000002005100004008003700055010001100092700004900103700005000152700004800202942001900250999001900269IA_REDES SOCIALES Y DE VALOR DEL QUESO CREMA DE CHIAP220117s xx 000 0 und d a186041 aAltamirano Cárdenas, Reyes, asesor9163772 aMuñoz Rodríguez, Manrrubio, dir. 9161051 aVillegas de Gante, Abraham, asesor 9163715 cTESIS E57 2011 c186041d186041